[Event "IECG CN.2000.0.00199"]
[Site "IECG email"]
[Date "2000.07.03"]
[Round "?"]
[White "Gustafsson, Marten"]
[Black "Clarke, David Alan"]
[Result "0-1"]
[WhiteElo "800"]
[BlackElo "800"]
[PlyCount "30"]
[EventDate "2000.07.03"]
[EventType "tourn (corr)"]
[EventRounds "6"]
[SourceTitle "Corr 2008"]
[Source "ChessBase"]
[SourceDate "2008.06.24"]
[SourceVersion "1"]
[SourceVersionDate "2008.06.24"]
[SourceQuality "1"]

1. e4 e5 2. f4 exf4 3. Nf3 Nc6 4. h4 d6 5. d3 Be7 6. Bxf4 Nf6 7. Qd2 0-0 8. h5 h6 9. Rh3 Bxh3 10. Bxh6 Nxh5 11. gxh3 Ne5 12. Qg2 Nxf3+ 13. Qxf3 Bh4+ 14. Kd2 Bg5+ 15. Ke2 Nf4+ 0-1

[Event "IECG CN.2000.0.00180"]
[Site "IECG email"]
[Date "2000.03.05"]
[Round "?"]
[White "Gustafsson, Marten"]
[Black "Wood, Simon"]
[Result "0-1"]
[WhiteElo "800"]
[BlackElo "800"]
[PlyCount "54"]
[EventDate "2000.03.05"]
[EventType "tourn (corr)"]
[EventRounds "6"]
[SourceTitle "Corr 2008"]
[Source "ChessBase"]
[SourceDate "2008.06.24"]
[SourceVersion "1"]
[SourceVersionDate "2008.06.24"]
[SourceQuality "1"]

1. d4 Nf6 2. c4 e6 3. Nc3 Bb4 4. a3 Bxc3+ 5. bxc3 c5 6. Qd3 d5 7. cxd5 exd5 8. Bg5 0-0 9. Nf3 b6 10. Ne5 h6 11. Bxf6 Qxf6 12. g3 Bf5 13. Qd1 Nc6 14. f4 Be4 15. Rg1 Nxe5 16. dxe5 Qc6 17. e3 f6 18. exf6 Qxf6 19. Rc1 Rae8 20. Bd3 Qf5 21. g4 Qd7 22. c4 d4 23. Bxe4 Rxe4 24. Rg3 Rfxf4 25. h3 Qe7 26. Qe2 Qh4 27. Kd2 Qxg3 0-1

[Event "IECG CN.2000.0.00180"]
[Site "IECG email"]
[Date "2000.03.05"]
[Round "?"]
[White "Raschke, Andreas"]
[Black "Gustafsson, Marten"]
[Result "1-0"]
[WhiteElo "800"]
[BlackElo "800"]
[PlyCount "41"]
[EventDate "2000.03.05"]
[EventType "tourn (corr)"]
[EventRounds "6"]
[SourceTitle "Corr 2008"]
[Source "ChessBase"]
[SourceDate "2008.06.24"]
[SourceVersion "1"]
[SourceVersionDate "2008.06.24"]
[SourceQuality "1"]

1. c4 e5 2. g3 Nf6 3. Bg2 d5 4. cxd5 Nxd5 5. Nc3 Be6 6. Nf3 Nc6 7. 0-0 e4 8. Nxe4 Be7 9. d4 h6 10. Nc3 f5 11. Qb3 Nxc3 12. Qxe6 Nb5 13. Qg6+ Kf8 14. Qxf5+ Bf6 15. Qxb5 Nxd4 16. Nxd4 Bxd4 17. e3 a6 18. Qxb7 Rb8 19. Qxa6 Bxb2 20. Bxb2 Rxb2 21. Qa3+ 1-0

[Event "IECG CN.2000.0.00180"]
[Site "IECG email"]
[Date "2000.03.05"]
[Round "?"]
[White "Rosenberger, Jerome"]
[Black "Gustafsson, Marten"]
[Result "0-1"]
[WhiteElo "800"]
[BlackElo "800"]
[PlyCount "52"]
[EventDate "2000.03.05"]
[EventType "tourn (corr)"]
[EventRounds "6"]
[SourceTitle "Corr 2008"]
[Source "ChessBase"]
[SourceDate "2008.06.24"]
[SourceVersion "1"]
[SourceVersionDate "2008.06.24"]
[SourceQuality "1"]

1. c4 e5 2. Nc3 Nc6 3. Nf3 Nf6 4. g3 Bc5 5. e4 d6 6. Bg2 Ng4 7. 0-0 Bxf2+ 8. Rxf2 Nxf2 9. Kxf2 Be6 10. d3 Qf6 11. b3 g5 12. Bxg5 Qg6 13. Qd2 Rg8 14. h4 h6 15. h5 Qxh5 16. Rh1 Qg6 17. Rxh6 Qg7 18. Nd5 Bxd5 19. cxd5 Nd4 20. Bf6 Qxg3+ 21. Kg1 Nxf3+ 22. Kh1 Nxd2 23. Bg7 Rxg7 24. Rh8+ Ke7 25. Rh2 Nf3 26. Bxf3 Qg1# 0-1